Score 0/20 Timer 06:00
13 Plays Today
Number Title % Correct
5.The Cat in the Hat
85%
6.Harry Potter and the Philosopher's Stone
81.5%
20.The Tale of Peter Rabbit
66.6%
3.Diary of a Wimpy Kid
62.6%
1.The Giving Tree
62.3%
17.The Polar Express
59.6%
7.James and the Giant Peach
54%
12.The Very Hungry Caterpillar
53.2%
9.Are You My Mother?
44.1%
13.Corduroy
41.5%
Number Title % Correct
2.Goodnight Moon
35.7%
4.The Giver
34.8%
8.Stuart Little
28.9%
18.Chicka Chicka Boom Boom
20.9%
14.Strega Nona
18.3%
10.Guess How Much I Love You
16.1%
15.Bridge to Terabithia
13.8%
16.The Snowy Day
13.6%
11.The Cricket in Times Square
9.8%
19.The Napping House
6.6%
Remove Ads.
Support Sporcle.
Get the best of Sporcle when you Go Orange. This ad-free experience offers more features, more stats, and more fun while also helping to support Sporcle. Thank you for becoming a member.

You're not logged in!

Compare scores with friends on all Sporcle quizzes.
OR
Log In

Show Comments

Extras

Top Quizzes Today


Score Distribution

Your Account Isn't Verified!

In order to create a playlist on Sporcle, you need to verify the email address you used during registration. Go to your Sporcle Settings to finish the process.

Report this User

Report this user for behavior that violates our Community Guidelines.

Details: